| 000 | 00000nam##2200000za#4500 |
| 001 | 9.688517 |
| 003 | CaOODSP |
| 005 | 20210624231449 |
| 007 | cr ||||||||||| |
| 008 | 150407|2001||||xxc|||||o f|0| 0 eng|d |
| 040 | |aCaOODSP|beng |
| 043 | |an-cn--- |
| 086 | 1 |aSW21-80/2001E-PDF |
| 110 | 1 |aCanada. |bStatus of Women Canada. |
| 245 | 10|aWomen's movements and state feminism : |h[electronic resource]|bintegrating diversity into public policy / |c[by] L. Pauline Rankin and Jill Vickers; with the research assistance of Ann-Marie Field. |
| 260 | |aOttawa - Ontario : |bStatus of Women Canada |c2001. |
| 300 | |a77p. |
| 500 | |a"This study examines the relationship between women's movements and state feminism in order to explore the opportunities and constraints for integrating diversity questions into public policy making."--Abstract. |
| 500 | |aThe catalogue number and ISBN for the bilingual print edition have been incorrectly copied in this electronic publication. |
| 504 | |aBibliography. |
| 520 | 3 |aThis study examines the relationship between women's movements and state feminism in order to explore the opportunities and constraints for integrating diversity questions into public policy making.--Abstract |
| 590 | |a06-10-Supp|b2006-12-15 |
| 690 | 07|aSocial movement|2gcpds |
| 690 | 07|aGovernment policy|2gcpds |
| 690 | 07|aStatus of women|2gcpds |
| 690 | 07|aViolence against women|2gcpds |
| 720 | 1 |aVickers, Jill |
| 720 | 1 |aRankin, Pauline |
| 775 | 08|tLes mouvements de femmes et le féminisme d'État : |w(CaOODSP)9.632943 |
| 776 | 0#|tWomen's movements and state feminism : |w(CaOODSP)9.662815 |
| 776 | 0#|tLes mouvements de femmes et le féminisme d'État : |w(CaOODSP)9.662816 |
| 856 | 40|ahttp://publications.gc.ca|qPDF|s477 KB|uhttps://publications.gc.ca/collections/Collection/SW21-80-2001E.pdf |